000 00324nam a2200145Ia 4500
005 20251222152650.0
008 251222s9999||||xx |||||||||||||| ||spa||
020 _a8483361043
082 _a891.43/P98
100 _aPushkin, A.S.
245 0 _aLa Hija del Capitán
250 _a1ra. ed.
264 _bAlba
942 _cLIB
999 _c28403
_d28403